[Event "MMPONNR"]
[Site "Ogrodniczki"]
[Date "2008.07.16"]
[Round "1.1"]
[White "Przybyl, Jozef"]
[Black "Jaworski, Miroslaw"]
[Result "0-1"]
[WhiteElo "1935"]
[BlackElo "2374"]
[PlyCount "101"]
[EventDate "2008.??.??"]

1. e4 c5 2. Nc3 d6 3. Bb5+ Nd7 4. a4 Ngf6 5. d3 g6 6. Nge2 Bg7 7. O-O O-O 8. f4
a6 9. Bc4 b6 10. f5 Ne5 11. fxg6 hxg6 12. Bb3 Rb8 13. Qe1 b5 14. axb5 axb5 15.
Bf4 Nh5 16. Bc1 c4 17. dxc4 bxc4 18. Ba4 e6 19. Ng3 Nxg3 20. Qxg3 Bd7 21. Bxd7
Qxd7 22. Rb1 Rb4 23. Bd2 Nc6 24. Nd1 Nd4 25. Kh1 Rb5 26. c3 Nb3 27. Bf4 Nc5 28.
Qe3 Nd3 29. Bg3 Rfb8 30. b4 Ra8 31. Be1 Ra2 32. Nf2 Ne5 33. Qc1 Qa7 34. Rb2 Qa3
35. Rb1 Qxc1 36. Rxc1 Bh6 37. Rd1 Rb6 38. h3 f5 39. g4 f4 40. h4 Nf3 41. g5 Bg7
42. Ng4 Nxe1 43. Rdxe1 Bxc3 44. Rc1 Ra3 45. Rxf4 Rxb4 46. Nh6+ Kh7 47. Rf3 Bb2
48. Ng4 Bd4 49. e5 Bxe5 50. Nxe5 dxe5 51. Rfc3 0-1

[Event "MMPONNR"]
[Site "Ogrodniczki"]
[Date "2008.07.16"]
[Round "1.2"]
[White "Klimavicius, Romualdas"]
[Black "Wajda, Mariusz"]
[Result "1/2-1/2"]
[WhiteElo "2255"]
[BlackElo "1927"]
[PlyCount "121"]
[EventDate "2008.??.??"]

1. d4 Nf6 2. Nf3 e6 3. c3 d5 4. Bg5 c5 5. e3 Nc6 6. Nbd2 Be7 7. Bd3 a6 8. O-O
c4 9. Bc2 b5 10. a3 h6 11. Bh4 Qc7 12. Bg3 Bd6 13. e4 Bxg3 14. hxg3 dxe4 15.
Nxe4 Nxe4 16. Bxe4 Bb7 17. Re1 O-O 18. Ne5 Nxe5 19. Bxb7 Qxb7 20. Rxe5 Rfd8 21.
Qh5 Rd5 22. Rae1 Rad8 23. f4 Rxe5 24. fxe5 a5 25. Qf3 Qb6 26. g4 b4 27. axb4
axb4 28. Ra1 bxc3 29. bxc3 Qb2 30. Ra7 Qc1+ 31. Kh2 Rf8 32. Rc7 Qg5 33. Rxc4
Qh4+ 34. Qh3 Qg5 35. Rc7 f6 36. Rc6 f5 37. gxf5 Rxf5 38. Rc8+ Kh7 39. Qd3 Qh4+
40. Kg1 Qf2+ 41. Kh2 g6 42. Rc7+ Kg8 43. Rc8+ Kg7 44. Rc7+ Kf8 45. Rc8+ Ke7 46.
Rc7+ Kd8 47. Rc8+ Kxc8 48. Qa6+ Kd8 49. Qd6+ Ke8 50. Qxe6+ Kf8 51. Qxg6 Qh4+
52. Kg1 Qe1+ 53. Kh2 Qh4+ 54. Kg1 Rg5 55. Qf6+ Ke8 56. Qe6+ Kf8 57. Qf6+ Kg8
58. Qd8+ Kh7 59. Qe7+ Kg8 60. Qd8+ Kg7 61. Qf6+ 1/2-1/2

[Event "MMPONNR"]
[Site "Ogrodniczki"]
[Date "2008.07.16"]
[Round "1.3"]
[White "Jagiela, Piotr"]
[Black "Smirnov, Aleksander"]
[Result "0-1"]
[WhiteElo "1923"]
[BlackElo "2241"]
[PlyCount "89"]
[EventDate "2008.??.??"]

1. d4 d5 2. Bf4 Nf6 3. e3 c5 4. c3 Nc6 5. h3 Qb6 6. Qb3 Qa5 7. Qb5 Qd8 8. Qe2
Bf5 9. Nf3 c4 10. Qd1 e6 11. Nh4 Be4 12. f3 Bxb1 13. Rxb1 Nh5 14. g3 g5 15. Ng2
gxf4 16. gxf4 Be7 17. h4 Qa5 18. a3 Qc7 19. Qd2 Na5 20. e4 dxe4 21. fxe4 Ng3
22. Rh3 Nxe4 23. Qe2 Nf6 24. Re3 O-O-O 25. f5 Nd5 26. Rf3 Qd7 27. Qf2 Bd6 28.
Ne3 Nxe3 29. Rxe3 exf5 30. Bh3 Kb8 31. Bxf5 Qc7 32. Kf1 Nb3 33. Rbe1 Rhg8 34.
R1e2 Bg3 35. Qf3 Bf4 36. Re7 Qxe7 37. Rxe7 Nd2+ 38. Ke2 Nxf3 39. Kxf3 Bd6 40.
Rxf7 Rdf8 41. Rxf8+ Rxf8 42. Ke4 h6 43. h5 Kc7 44. Be6 b5 45. Kd5 0-1

[Event "MMPONNR"]
[Site "Ogrodniczki"]
[Date "2008.07.16"]
[Round "1.4"]
[White "Bieluczyk, Bogdan"]
[Black "Czech, Jan"]
[Result "1-0"]
[WhiteElo "2233"]
[BlackElo "1921"]
[PlyCount "81"]
[EventDate "2008.??.??"]

1. e4 e5 2. Nf3 Nc6 3. Bb5 a6 4. Ba4 Nf6 5. d4 exd4 6. O-O d6 7. Bxc6+ bxc6 8.
Nxd4 c5 9. Nb3 Be7 10. Nc3 O-O 11. Re1 Be6 12. Na5 Bd7 13. Bf4 Ne8 14. Nd5 c6
15. Nb7 cxd5 16. Nxd8 Rxd8 17. Qxd5 Rb8 18. b3 Nf6 19. Qd3 Rb6 20. e5 Nh5 21.
Bd2 Be6 22. Ba5 Rc6 23. Qf3 d5 24. Qxh5 g6 25. Qe2 Rfc8 26. c4 d4 27. Rad1 h5
28. h3 Kg7 29. Bd2 Bf5 30. Qf3 Bc2 31. Rc1 Bf5 32. g4 hxg4 33. hxg4 Be6 34. Kg2
R6c7 35. Rh1 f5 36. exf6+ Bxf6 37. Bh6+ Kf7 38. Bg5 Ke7 39. Qxf6+ Kd7 40. Rh7+
Kd6 41. Bf4+ 1-0

[Event "MMPONNR"]
[Site "Ogrodniczki"]
[Date "2008.07.16"]
[Round "1.5"]
[White "Pela, Edward"]
[Black "Gurbanov, Andrei"]
[Result "0-1"]
[WhiteElo "1915"]
[BlackElo "2196"]
[PlyCount "90"]
[EventDate "2008.??.??"]

1. d4 d5 2. Nf3 Nf6 3. c4 e6 4. g3 Be7 5. Bg2 O-O 6. O-O b6 7. Qc2 Bb7 8. Bg5
Nbd7 9. Nbd2 h6 10. Bf4 c5 11. dxc5 Nxc5 12. b4 Nce4 13. Nxe4 Nxe4 14. cxd5
Bxd5 15. Qb2 a5 16. a3 axb4 17. axb4 Qd7 18. b5 Qb7 19. Be5 Bf6 20. Rfc1 Rfc8
21. Rxc8+ Rxc8 22. Bxf6 Nxf6 23. Ne1 Bxg2 24. Nxg2 Qe4 25. Ne3 Nd5 26. Nxd5
Qxd5 27. Rb1 Rc5 28. h4 Rc4 29. e3 Qf5 30. Rf1 Rc5 31. Qd4 Rxb5 32. e4 Qf3 33.
Re1 Rb3 34. e5 b5 35. Rc1 b4 36. h5 Rc3 37. Rb1 b3 38. Qf4 Qd3 39. Ra1 b2 40.
Ra8+ Kh7 41. Qxf7 b1=Q+ 42. Kh2 Qxg3+ 43. fxg3 Rc2+ 44. Kh3 Qh1+ 45. Kg4 Rc4+
0-1

[Event "MMPONNR"]
[Site "Ogrodniczki"]
[Date "2008.07.16"]
[Round "1.6"]
[White "Jurkiewicz, Krzysztof"]
[Black "Buzun, Michal"]
[Result "0-1"]
[WhiteElo "2188"]
[BlackElo "1896"]
[PlyCount "72"]
[EventDate "2008.??.??"]

1. d4 d5 2. c4 dxc4 3. Nf3 Nf6 4. e3 e6 5. Bxc4 a6 6. a4 c5 7. O-O Nc6 8. Nc3
cxd4 9. exd4 Nb4 10. Qe2 Be7 11. Bg5 O-O 12. Rfd1 Bd7 13. Ne5 Rc8 14. Bb3 h6
15. Bh4 Rc7 16. Rd2 Re8 17. Re1 Nbd5 18. Bxd5 Nxd5 19. Nxd5 exd5 20. Nxd7 Rxd7
21. Bg3 Qa5 22. Bf4 Qxa4 23. Qg4 Kf8 24. Rde2 Rdd8 25. Qf5 Bf6 26. Rxe8+ Rxe8
27. Rc1 Qxd4 28. g3 Kg8 29. Rc8 Qd1+ 30. Kg2 Qe2 31. Qd7 Qe4+ 32. f3 Qe2+ 33.
Kh3 Qf1+ 34. Kg4 h5+ 35. Kxh5 Qxf3+ 36. g4 Qh3# 0-1

[Event "MMPONNR"]
[Site "Ogrodniczki"]
[Date "2008.07.16"]
[Round "1.7"]
[White "Dulinski, Stanislaw"]
[Black "Lipski, Tadeusz"]
[Result "0-1"]
[WhiteElo "1851"]
[BlackElo "2140"]
[PlyCount "106"]
[EventDate "2008.??.??"]

1. e4 c5 2. c4 Nc6 3. Nc3 g6 4. f4 Bg7 5. Nf3 e6 6. h3 Nd4 7. Be2 Nxf3+ 8. Bxf3
Qh4+ 9. Ke2 Qxf4 10. d4 Qc7 11. Nb5 Qc6 12. d5 Qb6 13. d6 Rb8 14. a4 a5 15. Ra3
Be5 16. Rf1 h5 17. Bg5 f6 18. Bh4 Nh6 19. Rb3 O-O 20. Ke1 Qc6 21. Rd3 Nf7 22.
Bxh5 Qxe4+ 23. Qe2 Qxh4+ 24. g3 Qxh5 25. g4 Qg5 26. Kd1 b6 27. Kc2 Ba6 28. Rfd1
Bxb5 29. axb5 Qf4 30. R3d2 Nxd6 31. Rxd6 Bxd6 32. Rf1 Qe5 33. Qd3 Kg7 34. Rd1
Rh8 35. Rd2 Rb7 36. Qf3 Rc7 37. Qd1 Rxh3 38. Rxd6 Rh2+ 39. Rd2 Qe4+ 40. Kb3
Rh3+ 41. Ka2 Qxc4+ 42. b3 Qxb5 43. g5 Qxb3+ 44. Qxb3 Rxb3 45. gxf6+ Kxf6 46.
Kxb3 d5 47. Ka4 c4 48. Kb5 c3 49. Rc2 d4 50. Kxb6 d3 51. Rf2+ Kg7 52. Kxc7 c2
53. Kd6 c1=Q 0-1

[Event "MMPONNR"]
[Site "Ogrodniczki"]
[Date "2008.07.16"]
[Round "1.8"]
[White "Krawczyk, Wieslaw"]
[Black "Szydlowski, Wiktor"]
[Result "1/2-1/2"]
[WhiteElo "2120"]
[BlackElo "1850"]
[PlyCount "75"]
[EventDate "2008.??.??"]

1. e4 e5 2. d4 exd4 3. Nf3 d5 4. exd5 Qxd5 5. Nxd4 Nf6 6. c4 Bb4+ 7. Nc3 Qe4+
8. Be3 Bxc3+ 9. bxc3 Ng4 10. Qf3 Qxf3 11. gxf3 Ne5 12. f4 Ng4 13. h3 Nxe3 14.
fxe3 O-O 15. Rb1 c6 16. Bd3 Nd7 17. Bf5 Nc5 18. Rg1 Re8 19. Kf2 Rb8 20. Kf3 g6
21. h4 Bxf5 22. Nxf5 Ne4 23. Rbd1 Kf8 24. Nd6 Nxd6 25. Rxd6 Red8 26. Rgd1 Rxd6
27. Rxd6 Ke7 28. c5 f5 29. e4 fxe4+ 30. Kxe4 Rf8 31. h5 Rf6 32. hxg6 hxg6 33.
Rd2 b5 34. Rh2 Rf5 35. Rh7+ Kf6 36. Rxa7 Rxc5 37. Kd3 Rc4 38. Rc7 1/2-1/2

[Event "MMPONNR"]
[Site "Ogrodniczki"]
[Date "2008.07.16"]
[Round "1.9"]
[White "Muller, Marcin"]
[Black "Gorski, Jan"]
[Result "1-0"]
[WhiteElo "1735"]
[BlackElo "2100"]
[PlyCount "35"]
[EventDate "2008.??.??"]

1. e4 c5 2. Nf3 d6 3. Nc3 a6 4. d4 cxd4 5. Nxd4 Nf6 6. h3 g6 7. a3 Bg7 8. Be3
Bd7 9. Be2 O-O 10. O-O e5 11. Nb3 Bc6 12. Bf3 b5 13. Qd2 Qc7 14. Rad1 Rd8 15.
Bg5 Rd7 16. Bxf6 Bxf6 17. Nd5 Bg7 18. Nxc7 1-0

[Event "MMPONNR"]
[Site "Ogrodniczki"]
[Date "2008.07.16"]
[Round "1.10"]
[White "Cylwik, Zbigniew"]
[Black "Pilimon, Zbigniew"]
[Result "1/2-1/2"]
[WhiteElo "2089"]
[BlackElo "1728"]
[PlyCount "94"]
[EventDate "2008.??.??"]

1. d4 Nf6 2. c4 e6 3. Nf3 b6 4. e3 Bb7 5. Bd3 Be7 6. Nbd2 d5 7. cxd5 exd5 8.
O-O Nbd7 9. b3 O-O 10. Bb2 Ne4 11. Rc1 Rc8 12. Qe2 Bd6 13. Rfd1 Qe7 14. Ba6
Bxa6 15. Qxa6 f5 16. Nf1 Rce8 17. Qb5 Qe6 18. Ne5 Nb8 19. Qd3 g5 20. f3 Nf6 21.
Ng3 Nfd7 22. f4 g4 23. b4 a6 24. a4 Bxb4 25. Rxc7 Rc8 26. Rxc8 Rxc8 27. Nxf5
Nf6 28. Ng3 Rc7 29. Rc1 Rxc1+ 30. Bxc1 Qc8 31. Bd2 Bxd2 32. Qxd2 Nbd7 33. Qb2
Qc7 34. h3 gxh3 35. gxh3 Nf8 36. Kh2 Ng6 37. Ng4 Ne8 38. Qg2 Ne7 39. Ne5 Kf8
40. Nh5 b5 41. axb5 axb5 42. Ng3 b4 43. Qa2 Qc3 44. Nd7+ Kf7 45. Ne5+ Kf8 46.
Nd7+ Kf7 47. Ne5+ Kf8 1/2-1/2

[Event "MMPONNR"]
[Site "Ogrodniczki"]
[Date "2008.07.16"]
[Round "1.18"]
[White "Koszela, Stanislaw"]
[Black "Kulwinski, Marian"]
[Result "1-0"]
[WhiteElo "1937"]
[BlackElo "2500"]
[PlyCount "117"]
[EventDate "2008.??.??"]

1. Nf3 d5 2. g3 Bf5 3. Bg2 e6 4. d3 Nf6 5. O-O Bd6 6. Nc3 c5 7. Nd2 Qc7 8. e4
dxe4 9. Ndxe4 Nxe4 10. Nxe4 Nc6 11. Be3 b6 12. Qf3 Rc8 13. c3 Ne5 14. Qe2 Ng4
15. Bd2 Ne5 16. Bf4 Bxe4 17. dxe4 Ng6 18. Be3 e5 19. Bh3 Rd8 20. Qb5+ Ke7 21.
Rad1 h5 22. Bf5 Nf8 23. Rd5 g6 24. Bh3 Ne6 25. Rfd1 h4 26. Kg2 hxg3 27. hxg3 f6
28. Qc4 Ng7 29. Qd3 Ne6 30. Qe2 g5 31. Qg4 Ng7 32. f4 Rh5 33. fxe5 fxe5 34.
Bxg5+ Rxg5 35. Qxg5+ Kf8 36. Qf6+ Kg8 37. Rxd6 Rf8 38. Rd8 Qf7 39. Rxf8+ Kxf8
40. Rd8+ Ne8 41. Qxf7+ Kxf7 42. Rxe8 Kxe8 43. Kf3 Kf7 44. Kg4 Kf6 45. Kh5 b5
46. Kh6 a5 47. g4 c4 48. g5+ Ke7 49. g6 b4 50. g7 b3 51. g8=Q Kd6 52. Qxc4 bxa2
53. Qxa2 Kc5 54. Qd5+ Kb6 55. Bf1 a4 56. Bb5 a3 57. Qc6+ Ka7 58. Ba6 axb2 59.
Qb7# 1-0

[Event "MMPONNR"]
[Site "Ogrodniczki"]
[Date "2008.07.16"]
[Round "1.12"]
[White "Koper, Ireneusz"]
[Black "Sarnowski, Ryszard"]
[Result "1-0"]
[WhiteElo "2025"]
[BlackElo "1534"]
[PlyCount "65"]
[EventDate "2008.??.??"]

1. e4 e6 2. d4 d5 3. Nd2 c5 4. Ngf3 a6 5. exd5 Qxd5 6. Bc4 Qd8 7. dxc5 Bxc5 8.
O-O b5 9. Bd3 Nc6 10. Ne4 Be7 11. c3 h6 12. Be3 Nf6 13. Nxf6+ Bxf6 14. Qe2 O-O
15. Bc5 Be7 16. Qe4 f5 17. Qxc6 Bd7 18. Bxe7 Qxe7 19. Qb6 Rfb8 20. Qe3 Qf6 21.
Qd4 Qxd4 22. Nxd4 Rf8 23. Rfe1 Rae8 24. f4 g5 25. g3 Kf7 26. Nf3 gxf4 27. gxf4
Rg8+ 28. Kf2 Rg4 29. Ne5+ Ke7 30. Nxg4 fxg4 31. Kg3 h5 32. Re5 Kf6 33. Rxh5 1-0

[Event "MMPONNR"]
[Site "Ogrodniczki"]
[Date "2008.07.16"]
[Round "1.11"]
[White "Korycki, Jozef"]
[Black "Flazinski, Jozef"]
[Result "0-1"]
[WhiteElo "1688"]
[BlackElo "2036"]
[PlyCount "116"]
[EventDate "2008.??.??"]

1. e4 c5 2. Nf3 Nc6 3. d4 cxd4 4. Nxd4 d6 5. Nc3 Nf6 6. Bc4 Bd7 7. O-O e6 8.
Re1 a6 9. a3 Be7 10. f4 Qb6 11. Be3 Qc7 12. Ba2 O-O 13. h3 Rac8 14. Rc1 e5 15.
fxe5 dxe5 16. Nxc6 Bxc6 17. Bg5 Qb6+ 18. Kh1 Qxb2 19. Qd3 Nxe4 20. Nxe4 Bxe4
21. Bxf7+ Rxf7 22. Qxe4 Bxg5 23. Rb1 Qxc2 24. Qxe5 Bf4 25. Qe6 Qc7 26. Rf1 g5
27. Rb4 Kg7 28. Qg4 Rcf8 29. h4 h6 30. Rfb1 b5 31. a4 Be5 32. Qe2 Rf2 33. Qd3
Rd8 34. Qe3 Rdf8 35. Qd3 Qf7 36. Rg1 Rf1 37. Rb1 Rxg1+ 38. Rxg1 Qf4 39. g3 Qf3+
40. Qxf3 Rxf3 41. hxg5 b4 42. gxh6+ Kxh6 43. Rb1 Bc3 44. Kg2 Rf6 45. g4 Kg5 46.
Kg3 Rf4 47. Rd1 Rxg4+ 48. Kf3 Rd4 49. Rg1+ Kf5 50. Ke3 Rd6 51. Rf1+ Ke5 52. Rb1
Rd2 53. Rh1 Kd5 54. Rh4 Kc5 55. Rh1 Kc4 56. Rc1 b3 57. Rb1 b2 58. Rf1 Kb3 0-1

[Event "MMPONNR"]
[Site "Ogrodniczki k. Bialegostoku"]
[Date "2008.07.17"]
[Round "2.1"]
[White "Jaworski, Miroslaw"]
[Black "Gigon, Stanislaw"]
[Result "1-0"]
[WhiteElo "2374"]
[BlackElo "1953"]
[PlyCount "31"]
[EventDate "2008.??.??"]

1. d4 Nf6 2. c4 e5 3. dxe5 Ng4 4. Bf4 Nc6 5. Nf3 Bb4+ 6. Nbd2 Qe7 7. e3 Ngxe5
8. Nxe5 Nxe5 9. Be2 O-O 10. O-O d6 11. Nb3 Be6 12. a3 Bc5 13. Nxc5 dxc5 14.
Bxe5 Bxc4 15. Bxc4 Qxe5 16. Qb3 1-0

[Event "MMPONNR"]
[Site "Ogrodniczki k. Bialegostoku"]
[Date "2008.07.17"]
[Round "2.2"]
[White "Smirnov, Aleksander"]
[Black "Koszela, Stanislaw"]
[Result "1-0"]
[WhiteElo "2241"]
[BlackElo "1937"]
[PlyCount "71"]
[EventDate "2008.??.??"]

1. e4 e5 2. Nf3 Nc6 3. Nc3 Nf6 4. d4 d6 5. dxe5 Nxe5 6. Nxe5 dxe5 7. Qxd8+ Kxd8
8. Bg5 c6 9. O-O-O+ Ke8 10. f4 Bg4 11. Rd3 exf4 12. Bxf4 Bb4 13. e5 Bxc3 14.
bxc3 Nd5 15. Bd2 Be6 16. Rg3 Kf8 17. c4 Nb6 18. Bb4+ Kg8 19. Be7 h6 20. Bf6 Rh7
21. Bd3 g6 22. Rd1 Nd7 23. Re3 Re8 24. Be2 Nxf6 25. exf6 Rh8 26. Bg4 Bd7 27.
Re7 Rxe7 28. fxe7 Be8 29. Bc8 Kg7 30. Rd7 f5 31. Rxb7 Kf6 32. Bd7 Kxe7 33.
Bxc6+ Kd8 34. Bb5 Bxb5 35. cxb5 Ke8 36. a4 1-0

[Event "MMPONNR"]
[Site "Ogrodniczki k. Bialegostoku"]
[Date "2008.07.17"]
[Round "2.3"]
[White "Swiebocki, Jan"]
[Black "Bieluczyk, Bogdan"]
[Result "0-1"]
[WhiteElo "1997"]
[BlackElo "2233"]
[PlyCount "48"]
[EventDate "2008.??.??"]

1. e4 c5 2. Nf3 Nc6 3. Bb5 g6 4. Bxc6 bxc6 5. d3 Bg7 6. Nbd2 d6 7. O-O Nh6 8.
h3 O-O 9. Re1 f6 10. Nc4 e5 11. a4 Nf7 12. b3 Be6 13. Nb2 f5 14. Qe2 f4 15. Rb1
g5 16. Nd2 Qd7 17. f3 h5 18. Nf1 g4 19. fxg4 hxg4 20. hxg4 Bxg4 21. Qf2 Bf6 22.
Nh2 Bh5 23. Nc4 Ng5 24. Nd2 Qg7 0-1

[Event "MMPONNR"]
[Site "Ogrodniczki k. Bialegostoku"]
[Date "2008.07.17"]
[Round "2.4"]
[White "Gurbanov, Andrei"]
[Black "Muller, Marcin"]
[Result "1-0"]
[WhiteElo "2196"]
[BlackElo "1735"]
[PlyCount "41"]
[EventDate "2008.??.??"]

1. d4 c6 2. c4 e6 3. Nc3 Nf6 4. Nf3 d5 5. cxd5 cxd5 6. a3 a6 7. Bf4 Bd6 8. Bxd6
Qxd6 9. e3 Nc6 10. Bd3 e5 11. dxe5 Nxe5 12. Be2 h6 13. O-O O-O 14. h3 Be6 15.
Qd4 Nc6 16. Qh4 Ne7 17. Rfd1 Nf5 18. Qa4 Rfd8 19. e4 Nxe4 20. Nxe4 Qf4 21. Nf6+
1-0

[Event "MMPONNR"]
[Site "Ogrodniczki k. Bialegostoku"]
[Date "2008.07.17"]
[Round "2.7"]
[White "Buzas, Narvydas"]
[Black "Koper, Ireneusz"]
[Result "0-1"]
[WhiteElo "1942"]
[BlackElo "2025"]
[PlyCount "62"]
[EventDate "2008.??.??"]

1. d4 Nf6 2. c4 g6 3. Nc3 d5 4. cxd5 Nxd5 5. e4 Nxc3 6. bxc3 c5 7. Bc4 Bg7 8.
Ne2 O-O 9. O-O Nc6 10. Be3 Bg4 11. f3 Na5 12. Bxf7+ Rxf7 13. fxg4 Rxf1+ 14.
Kxf1 Qd6 15. Kg1 Qe6 16. Ng3 Rd8 17. Qa4 b6 18. a3 Qc4 19. Qxc4+ Nxc4 20. Bf2
cxd4 21. Rd1 d3 22. Ne2 e5 23. Nc1 d2 24. Nb3 Bh6 25. Bh4 Be3+ 26. Bf2 Nb2 27.
Bxe3 Nxd1 28. Bxd2 Rc8 29. Kf1 Nxc3 30. a4 Nxa4 31. Ke2 Nc5 0-1

[Event "MMPONNR"]
[Site "Ogrodniczki k. Bialegostoku"]
[Date "2008.07.17"]
[Round "2.8"]
[White "Buzun, Michal"]
[Black "Klimavicius, Romualdas"]
[Result "1/2-1/2"]
[WhiteElo "1896"]
[BlackElo "2255"]
[PlyCount "135"]
[EventDate "2008.??.??"]

1. e4 d5 2. exd5 Qxd5 3. Nc3 Qd6 4. d4 Nf6 5. g3 c6 6. Bg2 Bg4 7. Nf3 e6 8. O-O
Be7 9. Bf4 Qd8 10. Qd3 Bf5 11. Qe2 Nd5 12. Nxd5 cxd5 13. c4 Be4 14. Rfd1 Nc6
15. a3 O-O 16. Ne5 Bxg2 17. Kxg2 dxc4 18. Qxc4 Rc8 19. Qd3 Qd5+ 20. Qf3 Rfd8
21. Qxd5 Rxd5 22. Nxc6 Rxc6 23. Rac1 g5 24. Rxc6 bxc6 25. Bb8 a5 26. Rc1 Rb5
27. Be5 f6 28. Bc7 Rxb2 29. Rxc6 Kf7 30. Bxa5 Bxa3 31. d5 exd5 32. Bc3 Rc2 33.
Rb6 Ke7 34. Ba1 Bc5 35. Rxf6 g4 36. h3 gxh3+ 37. Kxh3 d4 38. Rf5 Rc4 39. Rxc5
Rxc5 40. Bxd4 Rc4 41. Be3 Kf6 42. Bb6 Kf5 43. Bd8 Rc2 44. Kg2 Ke4 45. Be7 Kf5
46. Bd8 Kg4 47. Be7 h5 48. Bd8 Rd2 49. Be7 Re2 50. Bd8 Re6 51. Bh4 Kf5 52. Kf3
Re8 53. Kg2 Ke4 54. Bg5 Kf5 55. Bh4 Rb8 56. Be7 Rb7 57. Bd8 Rd7 58. Bh4 Rf7 59.
Bd8 Ke4 60. Bh4 Kd3 61. Bg5 Ke2 62. Be3 Rg7 63. Kh3 Rg4 64. Bb6 Kf3 65. Ba7 Ra4
66. Bb6 Rb4 67. Bc5 Rb1 68. Kh4 1/2-1/2

[Event "MMPONNR"]
[Site "Ogrodniczki k. Bialegostoku"]
[Date "2008.07.17"]
[Round "2.9"]
[White "Wajda, Mariusz"]
[Black "Krawczyk, Wieslaw"]
[Result "0-1"]
[WhiteElo "1927"]
[BlackElo "2120"]
[PlyCount "60"]
[EventDate "2008.??.??"]

1. e4 Nf6 2. e5 Nd5 3. d4 d6 4. c4 Nb6 5. f4 dxe5 6. fxe5 Nc6 7. Nf3 Bg4 8. Be3
Bxf3 9. gxf3 e6 10. Nc3 Qe7 11. Qe2 O-O-O 12. O-O-O f6 13. f4 g5 14. Bh3 gxf4
15. Bxf4 Nxd4 16. Qe4 f5 17. Qe3 Nxc4 18. Qg1 Qc5 19. Kb1 Nxb2 20. Rxd4 Rxd4
21. Be3 Na4 22. Nxa4 Qb5+ 23. Nb2 Rb4 24. Qf2 Qxe5 25. Rg1 Bg7 26. Bc1 Rd8 27.
Re1 Re4 28. Rxe4 Qxe4+ 29. Ka1 Rd1 30. Qc5 b6 0-1

[Event "MMPONNR"]
[Site "Ogrodniczki k. Bialegostoku"]
[Date "2008.07.17"]
[Round "2.10"]
[White "Szydlowski, Wiktor"]
[Black "Cylwik, Zbigniew"]
[Result "1/2-1/2"]
[WhiteElo "1850"]
[BlackElo "2089"]
[PlyCount "91"]
[EventDate "2008.??.??"]

1. e4 c6 2. d4 g6 3. Nf3 Bg7 4. Bd3 d5 5. e5 f6 6. O-O Nh6 7. exf6 exf6 8. Re1+
Kf7 9. c4 Re8 10. Rxe8 Kxe8 11. Nc3 dxc4 12. Bxc4 b5 13. Bd3 Nf5 14. Qc2 Be6
15. Bf4 Kf7 16. Re1 Bf8 17. d5 cxd5 18. Nxb5 Na6 19. Rxe6 Kxe6 20. Qc6+ Kf7 21.
Qxa6 Qc8 22. Qa5 Qc5 23. Bxf5 gxf5 24. Be3 Qc2 25. h3 Qb1+ 26. Kh2 Qxb2 27.
Qc7+ Kg8 28. Nd6 Bxd6+ 29. Qxd6 Qb8 30. Qxb8+ Rxb8 31. Bxa7 Ra8 32. Bd4 Rxa2
33. Kg3 Kf7 34. Kf4 Ke6 35. Nh4 Re2 36. Nf3 Re4+ 37. Kg3 h5 38. Be3 Ra4 39. Bd4
Ra2 40. Kh4 Ra8 41. Kg3 Rg8+ 42. Kh2 f4 43. g3 fxg3+ 44. fxg3 Ra8 45. g4 hxg4
46. hxg4 1/2-1/2

[Event "MMPONNR"]
[Site "Ogrodniczki k. Bialegostoku"]
[Date "2008.07.17"]
[Round "2.11"]
[White "Pilimon, Zbigniew"]
[Black "Wolski, Jerzy"]
[Result "0-1"]
[WhiteElo "1728"]
[BlackElo "1961"]
[PlyCount "78"]
[EventDate "2008.??.??"]

1. d4 Nf6 2. c4 g6 3. Nc3 Bg7 4. e4 d6 5. f3 e5 6. d5 a5 7. Be3 Na6 8. Bd3 Bd7
9. Nge2 b6 10. a3 Nc5 11. b3 O-O 12. O-O Nh5 13. Qc2 f5 14. b4 Nxd3 15. Qxd3 f4
16. Bf2 g5 17. h3 Nf6 18. c5 bxc5 19. bxc5 h5 20. c6 Bc8 21. a4 g4 22. hxg4
hxg4 23. Rfb1 g3 24. Be1 Ne8 25. Nb5 Qh4 26. Bc3 Qh2+ 27. Kf1 Bh3 28. Ke1 Bxg2
29. Kd2 Qh5 30. Ng1 Bh3 31. Nxh3 Qxh3 32. Qe2 Qh5 33. Rh1 Qg6 34. Rab1 Rf7 35.
Na3 Nf6 36. Qg2 Nxe4+ 37. fxe4 f3 38. Qh3 g2 39. Rhg1 Qxe4 0-1

[Event "MMPONNR"]
[Site "Ogrodniczki k. Bialegostoku"]
[Date "2008.07.17"]
[Round "2.13"]
[White "Gorski, Jan"]
[Black "Dulinski, Stanislaw"]
[Result "1-0"]
[WhiteElo "2100"]
[BlackElo "1851"]
[PlyCount "219"]
[EventDate "2008.??.??"]

1. d4 f5 2. c4 Nf6 3. Nf3 g6 4. Nc3 Bg7 5. e3 d6 6. Bd3 c6 7. b4 O-O 8. O-O
Nbd7 9. Bb2 e6 10. a4 Re8 11. e4 Nf8 12. Re1 Bd7 13. e5 dxe5 14. dxe5 Ng4 15.
h3 Nh6 16. Qd2 Nf7 17. a5 Qc7 18. Na4 Rad8 19. Qe3 Qb8 20. Rad1 Bh6 21. Qc5 Bc8
22. b5 Nd7 23. Qb4 Bf8 24. Qb3 c5 25. Bc3 b6 26. a6 Qc7 27. Qb2 Bh6 28. Qe2 Nf8
29. Bc2 Nd7 30. Nb2 Bf4 31. Nd3 Bh6 32. Bd2 Bg7 33. Bc3 Nf8 34. g3 g5 35. Bd2
Qe7 36. Nh2 h6 37. f4 gxf4 38. gxf4 Kh7 39. Qh5 Ng6 40. Nf3 Rg8 41. Kh1 Bd7 42.
Rg1 Nf8 43. Be1 Qe8 44. Bh4 Rc8 45. Rg2 Bh8 46. Rxg8 Kxg8 47. Rg1+ Kh7 48. Nf2
Bg7 49. Ng4 Kh8 50. Nf6 Qe7 51. Ng5 Nd8 52. Bf2 Rc7 53. Bh4 Bc8 54. Nf3 Qf7 55.
Qxf7 Rxf7 56. Ne8 Nb7 57. Nxg7 Na5 58. Nh5 Nd7 59. Bd3 Nb3 60. Nf6 Rg7 61. Rb1
Nd4 62. Nxd4 cxd4 63. Nxd7 Rxd7 64. Rg1 Kh7 65. Kh2 Rf7 66. Bf6 Bd7 67. Rc1 Be8
68. c5 Rc7 69. c6 Bg6 70. Rc4 Be8 71. Rxd4 Kg6 72. Rd8 Kf7 73. Bc4 Bxc6 74.
bxc6 Rxc6 75. Bb5 Rc2+ 76. Kg3 Rc3+ 77. Rd3 Rc5 78. Rb3 h5 79. Kh4 Rc2 80. Kxh5
Rc5 81. Kh4 Rd5 82. Kg3 Kg6 83. Be8+ Kh6 84. Bg5+ Kg7 85. Bc6 Rd4 86. Rc3 Kf7
87. h4 Rd1 88. h5 Rg1+ 89. Kf2 Rd1 90. h6 Rd2+ 91. Ke3 Rh2 92. Kd4 Rd2+ 93. Kc4
Rd1 94. Ba4 Rd5 95. Kb4 Rd4+ 96. Kb5 Kg6 97. Bb3 Rd2 98. Bxe6 Rb2+ 99. Kc6 b5
100. Kb7 b4 101. Rb3 Rc2 102. Rxb4 Rc1 103. Kxa7 Rc6 104. Bd5 Rc5 105. Rb6+ Kh7
106. Bc6 Rc3 107. Kb7 Rc2 108. a7 Rc5 109. Bd7 Kg8 110. a8=Q+ 1-0

[Event "MMPONNR"]
[Site "Ogrodniczki k. Bialegostoku"]
[Date "2008.07.17"]
[Round "2.14"]
[White "Szneider, Kazimierz"]
[Black "Korycki, Jozef"]
[Result "1-0"]
[WhiteElo "1956"]
[BlackElo "1688"]
[PlyCount "37"]
[EventDate "2008.??.??"]

1. d4 d5 2. c4 e6 3. Nf3 c6 4. cxd5 exd5 5. Qc2 Be7 6. Bf4 Nd7 7. Nc3 Ngf6 8.
h3 h6 9. e3 O-O 10. Bd3 Nh5 11. Bh2 Re8 12. Nxd5 Qa5+ 13. Nc3 Bb4 14. O-O Nhf6
15. Rfc1 Qh5 16. Be2 Qg6 17. Bd3 Qh5 18. Ne2 Qa5 19. Ne5 1-0

[Event "MMPONNR"]
[Site "Ogrodniczki k. Bialegostoku"]
[Date "2008.07.17"]
[Round "2.15"]
[White "Sarnowski, Ryszard"]
[Black "Przybyl, Jozef"]
[Result "0-1"]
[WhiteElo "1534"]
[BlackElo "1935"]
[PlyCount "52"]
[EventDate "2008.??.??"]

1. d4 Nf6 2. c4 e6 3. a3 c5 4. e3 d5 5. dxc5 Bxc5 6. b4 Be7 7. c5 O-O 8. Nf3 a5
9. Bb2 axb4 10. axb4 Rxa1 11. Bxa1 b6 12. Bd4 bxc5 13. bxc5 Qc7 14. Qc2 Ne4 15.
Bd3 f5 16. Bxe4 fxe4 17. Ne5 Nc6 18. Nxc6 Qxc6 19. O-O Ba6 20. Rc1 Bc4 21. Na3
Bd3 22. Qc3 Rc8 23. f3 e5 24. Bxe5 Qxc5 25. Bxg7 Qxc3 26. Bxc3 Bxa3 0-1

[Event "MMPONNR"]
[Site "Ogrodniczki k. Bialegostoku"]
[Date "2008.07.18"]
[Round "3.1"]
[White "Gurbanov, Andrei"]
[Black "Jaworski, Miroslaw"]
[Result "1/2-1/2"]
[WhiteElo "2196"]
[BlackElo "2374"]
[PlyCount "29"]
[EventDate "2008.??.??"]

1. d4 Nf6 2. c4 e6 3. Nf3 b6 4. g3 Ba6 5. Qa4 Bb7 6. Bg2 c5 7. dxc5 Bxc5 8. O-O
O-O 9. Nc3 a6 10. Bf4 Be7 11. Rfd1 d6 12. Rac1 Qc7 13. Qc2 Rd8 14. b3 Nbd7 15.
e4 1/2-1/2